| 000 | 00959nas a2200313 4500 | ||
|---|---|---|---|
| 001 | BR2014000634 | ||
| 003 | BR-BrBNA | ||
| 005 | 20231205123650.0 | ||
| 007 | ta | ||
| 008 | 230509b bl.|||p| |||| 00| 00por d | ||
| 040 |
_aBR-BrBNA _bpor _cBiblioteca Nacional de Agricultura |
||
| 041 | _a(Pt) | ||
| 072 | _aL73 | ||
| 100 | 1 | _aBraga, J.F.V. | |
| 100 | 1 | _aTeixeira, M.P.F. | |
| 100 | 1 | _aFranklin, F.L.A.A. | |
| 100 | 1 | _aSouza, J.A.T. | |
| 100 | 1 | _aSilva, S.M.M.S. | |
| 100 | 1 | _aGuedes, R.M.C. | |
| 245 | 1 | _aSoroprevalência de pseudorraiva, peste suína clássica e brucelose em suínos do estado do Piauí | |
| 650 | _aSUÍNO | ||
| 650 | _aPESTE SUINA | ||
| 650 | _aBRUCELOSE | ||
| 650 | _aSOROLOGIA | ||
| 773 | 0 |
_tArquivo Brasileiro de Medicina Veterinária e Zootecnia (Brazil) _xISSN 0102-0935 _g(Oct 2013), v. 65(5) p. 1321-1328 _wBR2014000634 |
|
| 856 | 4 | 0 | _uPIAUÍ |
| 909 |
_a202311 _bLúcia _c55 _dLúcia Elande |
||
| 942 |
_2AGRIS _n0 _cANA |
||
| 999 |
_c235064 _d235064 |
||